| 000 | 00680nam a2200205Ii 4500 | ||
|---|---|---|---|
| 003 | JO-AjNU | ||
| 008 | 230605s9999||||xx |||||||||||||| ||und|| | ||
| 017 | _a2006/8430 | ||
| 040 |
_aJO-AjNU _bara _erda _cJO-AjNU |
||
| 041 | _aara | ||
| 050 | 1 | 4 | _aHD62.4.J32.2006 |
| 100 | 3 |
_aجادالرب،سيد محمد, _eauthor _932558 |
|
| 245 | 0 | 0 | _aادارة الاعمال الدولية:موضوعات وتراجم وبحوث ادارية متقدمة |
| 264 | 3 | 1 | _aد.م:د.ن،2006 |
| 300 | _a549ص | ||
| 336 |
_atext _btxt _2rdacontent |
||
| 337 |
_aunmediated _bn _2rdamedia |
||
| 338 |
_avolume _bnc _2rdacarrier |
||
| 650 | 4 |
_aادارة الاعمال الدولية _932559 |
|
| 999 |
_aA13159 _c16727 _d16727 |
||